000
00285nam a2200121Ia 4500
008
220204s9999 xx 000 0 und d
082
_a
632.51
_b
HIL
100
_a
HILL, Thomas A
245
0
_a
Biology of weeds
260
_a
London
_b
Edward Arnold
_c
1977
650
_a
Weeds
942
_c
BK
999
_c
27075
_d
27075